[Event "Pardubice op-C"]
[Site "Pardubice"]
[Date "2005.07.??"]
[Round "4"]
[White "Kanovsky, David"]
[Black "Paulovic, Martin"]
[Result "1-0"]
[WhiteElo "2328"]
[BlackElo "2203"]
[PlyCount "97"]
[EventDate "2005.07.??"]
[EventType "swiss"]
[EventRounds "7"]
[EventCountry "CZE"]
[SourceTitle "EXT 2006"]
[Source "ChessBase"]
[SourceDate "2005.11.24"]
[SourceVersion "1"]
[SourceVersionDate "2005.11.24"]
[SourceQuality "1"]

1. e4 c5 2. Nf3 d6 3. d4 cxd4 4. Nxd4 Nf6 5. Nc3 e5 6. Bb5+ Bd7 7. Bxd7+ Nbxd7 8. Nf5 Qc7 9. 0-0 a6 10. Bg5 h6 11. Bxf6 Nxf6 12. Qd3 g6 13. Ne3 Rc8 14. Rad1 Be7 15. Rd2 0-0 16. Ncd5 Nxd5 17. Nxd5 Qd8 18. c3 Bg5 19. Rdd1 Kg7 20. g3 Qa5 21. a3 Qc5 22. Kg2 Rfe8 23. h4 Bd8 24. Rd2 a5 25. Ne3 Bc7 26. Qe2 Qc6 27. Rd5 Bb6 28. Rfd1 a4 29. h5 Bxe3 30. Qxe3 Re6 31. hxg6 fxg6 32. Qd3 Rf8 33. Qb5 Qc7 34. Qxa4 Qf7 35. R1d2 h5 36. Qd1 h4 37. Qe2 Qe7 38. c4 Ref6 39. Qe3 Rf3 40. Rxd6 Rxe3 41. Rd7 Rb3 42. Rxe7+ Kf6 43. Red7 hxg3 44. fxg3 Kg5 45. R7d3 Rxd3 46. Rxd3 Rc8 47. b3 Kg4 48. Rd5 Re8 49. c5 1-0

[Event "CZE-chT2c 0405"]
[Site "Czech Republic"]
[Date "2005.02.06"]
[Round "7.3"]
[White "Paulovic, Martin"]
[Black "Spacek, Petr"]
[Result "1/2-1/2"]
[WhiteElo "2220"]
[BlackElo "2387"]
[PlyCount "20"]
[EventDate "2004.10.17"]
[EventType "team"]
[EventRounds "11"]
[EventCountry "CZE"]
[SourceTitle "EXT 2007"]
[Source "ChessBase"]
[SourceDate "2006.11.23"]
[SourceVersion "1"]
[SourceVersionDate "2006.11.23"]
[SourceQuality "1"]
[WhiteTeam "Kobylisy"]
[BlackTeam "Lysa nad Labem"]
[WhiteTeamCountry "CZE"]
[BlackTeamCountry "CZE"]

1. e4 g6 2. d4 Bg7 3. Be3 d6 4. f3 c5 5. c3 Nd7 6. Ne2 Ngf6 7. Qd2 h5 8. a4 b6 9. Na3 Bb7 10. d5 a6 1/2-1/2